| 000 | 01450nas a2200373 i 4500 | ||
|---|---|---|---|
| 001 | 1831 | ||
| 003 | ES-MaACL | ||
| 005 | 20251127162502.0 | ||
| 007 | t| | ||
| 008 | 950801d18681895sp s|yp | ||pa d | ||
| 022 | _a0214-7718 | ||
| 080 | _a008 | ||
| 245 | 0 | 0 |
_aRevista de España / _c[dir., José L. Albareda]. |
| 260 |
_aMadrid : _b[Revista de España], _c1868 ( _fTip. de Gregorio Estrada) |
||
| 300 |
_a149 v. ; _c24 cm. |
||
| 310 | _aQuincenal | ||
| 362 | 0 | _aAño I, t. 1 (1868)-1895. | |
| 500 | _aNo se publicó en 1893. | ||
| 530 | _aDisponible en formato digital. | ||
| 555 | _aÍndice sistemático de materias y alfabético de autores de 1868 a oct. 1887, por Antonio Maestre y Alonso, publ. en 1888. | ||
| 650 | 7 |
_aCultura _2embne _9170963 |
|
| 700 | 1 |
_aAlbareda, José Luis, _d1828-1897 _919236 |
|
| 700 | 1 |
_aPérez Galdós, Benito, _d1843-1920 _990871 |
|
| 700 | 1 |
_aLeón y Castillo, Fernando, _d1842-1918 _971655 |
|
| 700 |
_aRuiz Martínez, L. A. _edir. _9226812 |
||
| 700 | 1 |
_aSánchez Guerra, José, _d1859-1935 _9102690 |
|
| 700 | 1 |
_aAntequera y Ayala, Benedicto, _d1852-1917 _edir. _9194300 |
|
| 700 | 1 |
_aTello Amondareyn, Manuel. _9133170 |
|
| 700 | 1 |
_aEspaña, Gabriel Ricardo. _9126962 |
|
| 852 |
_aES-MaACL _jK-83 |
||
| 856 |
_uhttp://hemerotecadigital.bne.es/details.vm?o=&w=0214-7718&f=issn&l=500 _zHemeroteca Digital |
||
| 866 | 0 | _o1868-1888(1889f.t.CXXVII)1890-1892.1894-95 | |
| 999 |
_c1831 _d1831 |
||